000 01170cam a2200373 a 4500
001 22466
003 SK-KTurca
005 20260328130716.0
008 240606s1994 xo gr 0000f slo
015 _aSNBA1994/06
020 _a8071180831
035 _aSNK000018149
040 _aSNK
_bslo
_cSNK
_eAACR2
041 1 _aslo
_hfre
044 _axo
_cSK
072 7 _a821.133.1-3
_xFrancúzska próza, francúzsky písaná
_2konspekt
080 _a840-3
_21981
080 _a821.133.1-31
_22011
080 _a(0:82-312.5)
_22011
100 1 _aMontupet, Janine,
_d1919-2012
_4aut
240 1 0 _aDans un grand vent de fleurs
_lSlovensky
245 1 0 _aVo víre kvetov
_cJanine Montupet ; preklad Zora Abaffyová
260 _aBratislava
_bIkar
_c1994
_eBratislava
_fSvornosť
300 _a231 s.
_c20 cm
500 _aPreložené z francúzštiny
655 7 _afrancúzke romány
_2SNKPH
655 7 _aľúbostné romány
_2SNKPH
700 1 _aAbaffyová, Zora
_4trl
700 1 _aHrabušická, Renáta
_4ill
700 1 _aFabianová, Viera
_4bjd
942 _2ddc
_cKLDO
_n0
999 _c22466
_d22466